[Event "NM for klubblag 2018"]
[Site "Quality Hotel Edvard Grieg, Bergen"]
[Date "2018.05.10"]
[Round "2"]
[White "Sætre, Roger"]
[Black "Flatebø, Hallvard Haug"]
[Result "1-0"]
[WhiteElo "1825"]
[BlackElo "1717"]
[PlyCount "51"]
[EventDate "2018.??.??"]

1. e4 e6 2. d4 d5 3. Nd2 Nf6 4. e5 Nfd7 5. f4 c5 6. Ndf3 Nc6 7. c3 Be7 8. Bd3
Qb6 9. Ne2 cxd4 10. cxd4 O-O 11. O-O f6 12. exf6 Nxf6 13. Kh1 Bd7 14. Ne5 Rac8
15. a3 Na5 16. b4 Nc4 17. Qb3 Nxe5 18. dxe5 Ne4 19. Bxe4 dxe4 20. Be3 Bc5 21.
Bxc5 Rxc5 22. Rad1 Rc7 23. a4 Re8 24. Rd6 Bc6 25. Rxe6 Kh8 26. Rd6
1-0

[Event "NM for klubblag 2018"]
[Site "Quality Hotel Edvard Grieg, Bergen"]
[Date "2018.05.10"]
[Round "2"]
[White "Gausel, Einar J"]
[Black "Hølleland, Sigve"]
[Result "1-0"]
[WhiteElo "2453"]
[BlackElo "2008"]
[PlyCount "63"]
[EventDate "2018.??.??"]

1. d4 Nf6 2. Nf3 e6 3. c4 b6 4. e3 Bb7 5. Bd3 Be7 6. O-O O-O 7. Nc3 d5 8. cxd5
Nxd5 9. e4 Nxc3 10. bxc3 c5 11. Bb2 Nd7 12. Qe2 Rc8 13. Rfd1 Qc7 14. a4 Rfd8
15. Qe3 h6 16. h3 Nf6 17. Re1 Qc6 18. Ne5 Qe8 19. Re2 Bd6 20. f4 Nh5 21. g3 Bb8
22. Rf2 f6 23. Ng4 Qc6 24. Kh2 Kf7 25. Qf3 g6 26. Ne5+ fxe5 27. fxe5+ Kg8 28.
Qf7+ Kh8 29. Qxg6 Qe8 30. Rf7 Qxf7 31. Qxf7 Ng7 32. Qxb7
1-0

[Event "NM for klubblag 2018"]
[Site "Quality Hotel Edvard Grieg, Be"]
[Date "2018.05.10"]
[Round "2"]
[White "Shehzad, Shazil"]
[Black "Gjestemoen-VonHirsch, Andre"]
[Result "0-1"]
[WhiteElo "1921"]
[BlackElo "1829"]
[PlyCount "82"]
[EventDate "2018.??.??"]

1. e4 c5 2. Nf3 Nc6 3. Bb5 Nf6 4. e5 Nd5 5. Nc3 Nc7 6. Bxc6 bxc6 7. O-O g6 8.
Re1 Bg7 9. b3 O-O 10. Bb2 d6 11. exd6 exd6 12. Na4 Bxb2 13. Nxb2 Ba6 14. c4 Ne6
15. d4 Qf6 16. Re4 d5 17. cxd5 cxd5 18. Re1 Rfe8 19. b4 Nxd4 20. Rxe8+ Rxe8 21.
Nxd4 Qxd4 22. Qxd4 cxd4 23. g3 Re2 24. Na4 d3 25. Rd1 d2 26. Kg2 d4 27. Kf3 d3
28. Nc3 Bb7+ 29. Kf4 Rxf2+ 30. Ke3 Rxh2 31. Rxd2 Rh3 32. Kf2 h5 33. Rxd3 h4 34.
Rd8+ Kg7 35. gxh4 Rxc3 36. Rd7 Rc2+ 37. Kg3 Rg2+ 38. Kf4 Rg4+ 39. Ke3 Rxb4 40.
a3 Rxh4 41. Rxb7 Rh3+ 0-1

[Event "NM for klubblag 2018"]
[Site "Quality Hotel Edvard Grieg, Bergen"]
[Date "2018.05.10"]
[Round "2"]
[White "Nordquelle, Daniel"]
[Black "Gullaksen, Eirik"]
[Result "1-0"]
[WhiteElo "2287"]
[BlackElo "2363"]
[PlyCount "53"]
[EventDate "2018.??.??"]

1. e4 c5 2. Nc3 Nc6 3. Bb5 Nd4 4. Bc4 g6 5. Nf3 Bg7 6. Nxd4 cxd4 7. Qf3 e6 8.
Ne2 Ne7 9. d3 O-O 10. h4 h5 11. g4 d5 12. Bb3 dxe4 13. dxe4 Nc6 14. gxh5 Qa5+
15. Bd2 Qxh5 16. Qxh5 gxh5 17. Ng3 Kh7 18. Nxh5 Bh8 19. O-O-O Ne5 20. Bb4 Rg8
21. Be7 Ng4 22. Rhg1 Re8 23. Bc5 Nxf2 24. Rdf1 b6 25. Rxf2 bxc5 26. Rxf7+ Kh6
27. Nf4
1-0

[Event "NM for klubblag 2018"]
[Site "Quality Hotel Edvard Grieg, Bergen"]
[Date "2018.05.10"]
[Round "2"]
[White "Hagesæther, Arne"]
[Black "Odde, Eilif"]
[Result "1/2-1/2"]
[WhiteElo "2043"]
[BlackElo "1974"]
[PlyCount "41"]
[EventDate "2018.??.??"]

1. d4 d5 2. Bf4 Nf6 3. e3 e6 4. Bd3 c5 5. c3 Nc6 6. Nd2 Bd6 7. Bg5 h6 8. Bh4
O-O 9. Ngf3 e5 10. dxe5 Nxe5 11. Nxe5 Bxe5 12. Qc2 Bd6 13. Bg3 Be6 14. Rd1 Qc7
15. c4 Rad8 16. Bh4 Be7 17. O-O b6 18. Rfe1 Rfe8 19. a3 dxc4 20. Nxc4 Nh5 21.
Bxe7
1/2-1/2

[Event "NM for klubblag 2018"]
[Site "Quality Hotel Edvard Grieg, Be"]
[Date "2018.05.10"]
[Round "2"]
[White "LÃ¸bersli, Henrik Ã~ie"]
[Black "HagesÃ¦ther, Halvard"]
[Result "0-1"]
[WhiteElo "2118"]
[BlackElo "2239"]
[PlyCount "94"]
[EventDate "2018.??.??"]

1. e4 e6 2. d4 d5 3. Nc3 Nf6 4. e5 Ng8 5. f4 c5 6. Nf3 Nc6 7. Be3 b6 8. Bd3 Nh6
9. O-O a6 10. Kh1 c4 11. Be2 Nf5 12. Bf2 b5 13. Qd2 Be7 14. Nd1 O-O 15. g4 Nh4
16. Ne3 Ng6 17. Bg3 f6 18. exf6 gxf6 19. f5 Nh8 20. Nh4 e5 21. dxe5 d4 22. Bf3
Bb7 23. Nd5 Nxe5 24. Bxe5 fxe5 25. f6 Bxd5 26. Qg5+ Ng6 27. fxe7 Bxf3+ 28. Nxf3
Qxe7 29. Qxe7 Nxe7 30. Nxe5 Rad8 31. Kg1 Ng6 32. Nxg6 hxg6 33. Rad1 Rd6 34.
Rxf8+ Kxf8 35. Kf2 Ke7 36. Kf3 Kf6 37. Kf4 g5+ 38. Ke4 Re6+ 39. Kf3 Re3+ 40.
Kf2 Re4 41. Kf3 Ke5 42. Rd2 Re3+ 43. Kf2 Ke4 44. Kf1 d3 45. cxd3+ cxd3 46. Kf2
Rf3+ 47. Kg2 Rf4
0-1

[Event "NM for klubblag 2018"]
[Site "Quality Hotel Edvard Grieg, Bergen"]
[Date "2018.05.10"]
[Round "2"]
[White "Hammer, Jon Ludvig"]
[Black "Ranaldi, Lucas"]
[Result "1-0"]
[WhiteElo "2631"]
[BlackElo "2251"]
[PlyCount "85"]
[EventDate "2018.??.??"]

1. c4 c5 2. g3 Nc6 3. Bg2 g6 4. e3 Bg7 5. Ne2 e5 6. Nbc3 Nge7 7. O-O O-O 8. a3
a5 9. Nb5 d6 10. Nec3 Be6 11. Nd5 Bxd5 12. cxd5 Na7 13. Nc3 b5 14. d3 Qb6 15.
a4 b4 16. Nb1 Qc7 17. h4 Nac8 18. h5 Nb6 19. e4 f5 20. hxg6 hxg6 21. Nd2 Bh6
22. Nf3 Bxc1 23. Qxc1 Rf6 24. Qh6 Nec8 25. Ng5 Qg7 26. Qh4 Ne7 27. f4 Nd7 28.
Bh3 Qh8 29. Qxh8+ Kxh8 30. Kf2 Kg7 31. Rh1 Rh8 32. Ke3 Rh6 33. Bg2 Rxh1 34.
Rxh1 exf4+ 35. gxf4 Nf8 36. e5 dxe5 37. fxe5 f4+ 38. Ke4 Rf5 39. Nf3 Nh7 40.
Rc1 Ng5+ 41. Nxg5 Rxg5 42. Bf3 Nf5 43. Kxf4
1-0

[Event "NM for klubblag 2018"]
[Site "Quality Hotel Edvard Grieg, Bergen"]
[Date "2018.05.10"]
[Round "2"]
[White "Risting, Eivind Olav"]
[Black "Hammerstad, Asmund"]
[Result "1-0"]
[WhiteElo "2297"]
[BlackElo "2211"]
[PlyCount "85"]
[EventDate "2018.??.??"]

1. d4 e6 2. c4 Nf6 3. Nc3 Bb4 4. Qc2 c5 5. dxc5 Bxc5 6. Nf3 Qb6 7. e3 Qc7 8.
Be2 b6 9. O-O Bb7 10. a3 a6 11. b4 Be7 12. e4 d5 13. cxd5 exd5 14. e5 Ne4 15.
Bb2 Nd7 16. Rac1 Nxc3 17. Bxc3 O-O 18. Qf5 Qd8 19. Bd3 g6 20. Qh3 Rc8 21. Bd4
Re8 22. e6 Nf8 23. exf7+ Kxf7 24. Ne5+ Kg8 25. Ng4 Bg5 26. f4 Rxc1 27. fxg5
Rxf1+ 28. Kxf1 h5 29. Qxh5 Kf7 30. Bxg6+ Nxg6 31. Qh7+ Ke6 32. Qxg6+ Kd7 33.
Nf6+ Ke7 34. Nxe8 Qxe8 35. Qxb6 Qb5+ 36. Qxb5 axb5 37. Kf2 Ke6 38. g4 Kf7 39.
Kg3 Kg6 40. h4 Bc8 41. Kf4 Kf7 42. h5 Kg8 43. g6
1-0

[Event "NM for klubblag 2018"]
[Site "Quality Hotel Edvard Grieg, Bergen"]
[Date "2018.05.10"]
[Round "2"]
[White "Harestad, Hans Krogh"]
[Black "Mork, Kjell Arne"]
[Result "0-1"]
[WhiteElo "2214"]
[BlackElo "2296"]
[PlyCount "110"]
[EventDate "2018.??.??"]

1. d4 Nf6 2. c4 e6 3. Nf3 Bb4+ 4. Bd2 Qe7 5. g3 Nc6 6. Nc3 Bxc3 7. Bxc3 Ne4 8.
Rc1 d6 9. Bg2 O-O 10. d5 Nxc3 11. Rxc3 Nb8 12. Qc2 e5 13. c5 Na6 14. cxd6 cxd6
15. O-O Bg4 16. Rc1 h6 17. Nh4 Rac8 18. Nf5 Bxf5 19. Qxf5 Rxc3 20. Rxc3 g6 21.
Qc2 Qd8 22. a3 Kg7 23. e4 Qb6 24. Bf1 Nc5 25. b4 Nd7 26. Rc7 Nc5 27. Rxc5 dxc5
28. bxc5 Rc8 29. cxb6 Rxc2 30. bxa7 Rc8 31. d6 Ra8 32. d7 Kf8 33. f4 Ke7 34.
Bb5 Rxa7 35. a4 f6 36. Kf2 b6 37. fxe5 fxe5 38. h4 Rc7 39. Kf3 Rc3+ 40. Kf2 Kd8
41. Kg2 Re3 42. Bc6 Kc7 43. Kf2 Rd3 44. Bb5 Rc3 45. Kg2 Re3 46. Bc6 h5 47. Kf2
Rd3 48. Bb5 Rc3 49. Kg2 Re3 50. Bc6 Rd3 51. Bb5 Rxd7 52. Bxd7 Kxd7 53. Kf3 Kd6
54. Ke3 Kc5 55. Kd3 Kb4
0-1

[Event "NM for klubblag 2018"]
[Site "Quality Hotel Edvard Grieg, Bergen"]
[Date "2018.05.10"]
[Round "2"]
[White "Lindbøl, Aleksander"]
[Black "Hauge, Lars Oskar"]
[Result "1-0"]
[WhiteElo "2136"]
[BlackElo "2433"]
[PlyCount "85"]
[EventDate "2018.??.??"]

1. c4 g6 2. Nc3 Bg7 3. d4 Nf6 4. e4 d6 5. Nf3 O-O 6. h3 e5 7. d5 a5 8. Bg5 Na6
9. Nd2 Qe8 10. a3 Nd7 11. Be2 h6 12. Bh4 Nb6 13. b3 c6 14. O-O Bd7 15. Rb1 cxd5
16. Nxd5 Nxd5 17. cxd5 Nc5 18. Rc1 Qb8 19. b4 axb4 20. axb4 Ba4 21. Qe1 Nd7 22.
Nc4 Rc8 23. Bg4 Ra6 24. Qe3 Re8 25. Rc3 g5 26. Bg3 Bf6 27. Ra1 Nf8 28. Na5 Bb5
29. Rac1 Nd7 30. Bxd7 Bxd7 31. Rc7 Ba4 32. Rxb7 Qa8 33. Rcc7 Rf8 34. Ra7 Qd8
35. Rxf7 Rxf7 36. Rxa6 Qc8 37. Qb6 Qc1+ 38. Kh2 h5 39. Ra8+ Kg7 40. Qb8 Kg6 41.
Qg8+ Bg7 42. Ra6 Qc7 43. Bxe5
1-0

[Event "NM for klubblag 2018"]
[Site "Quality Hotel Edvard Grieg, Bergen"]
[Date "2018.05.10"]
[Round "2"]
[White "Haugsdal, Arn-Tore"]
[Black "Moen, Ole Christian"]
[Result "0-1"]
[WhiteElo "1987"]
[BlackElo "2194"]
[PlyCount "52"]
[EventDate "2018.??.??"]

1. e4 e5 2. Nf3 Nc6 3. d4 exd4 4. Nxd4 Bc5 5. Be3 Bb6 6. Nc3 Nf6 7. Nxc6 bxc6
8. e5 Bxe3 9. fxe3 Nd5 10. Nxd5 cxd5 11. Qxd5 Qh4+ 12. Kd1 Rb8 13. Bc4 O-O 14.
Qd4 Qh5+ 15. Kd2 d6 16. g4 Bxg4 17. Rag1 Bf3 18. exd6 g6 19. d7 Rbd8 20. Kc1 c5
21. Qd6 Qh4 22. b3 Qe4 23. Qf6 Rxd7 24. Rd1 Qxe3+ 25. Kb2 Bxd1 26. Rxd1 Rxd1
0-1

[Event "NM for klubblag 2018"]
[Site "Quality Hotel Edvard Grieg, Bergen"]
[Date "2018.05.10"]
[Round "2"]
[White "Salomon, Johan"]
[Black "Houska, Jovanka"]
[Result "1/2-1/2"]
[WhiteElo "2482"]
[BlackElo "2420"]
[PlyCount "75"]
[EventDate "2018.??.??"]

1. Nf3 d5 2. g3 Bg4 3. Bg2 c6 4. O-O e6 5. h3 Bh5 6. d4 Nd7 7. c4 Ngf6 8. cxd5
cxd5 9. Qb3 Qb6 10. Nc3 Be7 11. Ne5 Qxb3 12. axb3 Nxe5 13. dxe5 Nd7 14. e4 dxe4
15. Nxe4 Nxe5 16. Ra5 Nf3+ 17. Kh1 f5 18. Nc3 g5 19. Ra4 g4 20. hxg4 fxg4 21.
Bxf3 gxf3 22. Re1 O-O 23. Rxe6 Bf6 24. Bh6 Rae8 25. Rae4 Rxe6 26. Rxe6 Bg7 27.
Bxg7 Kxg7 28. Re7+ Rf7 29. Re5 Bg6 30. Kh2 Rd7 31. g4 Rd2 32. Kg3 Rxb2 33. Re7+
Bf7 34. Ne4 Kg6 35. Nd6 Bd5 36. Ne8 Bf7 37. Nd6 Bd5 38. Ne8
1/2-1/2

[Event "NM for klubblag 2018"]
[Site "Quality Hotel Edvard Grieg, Bergen"]
[Date "2018.05.10"]
[Round "2"]
[White "Woldseth, Ole"]
[Black "Hovden, Hans"]
[Result "1/2-1/2"]
[WhiteElo "2073"]
[BlackElo "1767"]
[PlyCount "94"]
[EventDate "2018.??.??"]

1. d4 f5 2. g3 Nf6 3. Bg2 d5 4. c4 e6 5. Nf3 c6 6. Qc2 Bd6 7. Bf4 Qc7 8. e3 O-O
9. O-O Ne4 10. Nbd2 Nd7 11. b4 Ndf6 12. Bxd6 Qxd6 13. Rab1 Bd7 14. Ne5 Rfc8 15.
Rfc1 b5 16. Nxe4 fxe4 17. cxb5 cxb5 18. Qb3 Rxc1+ 19. Rxc1 Rc8 20. Rxc8+ Bxc8
21. Qc3 Bb7 22. Qc5 Qxc5 23. bxc5 Kf8 24. Bf1 a6 25. Be2 Ke7 26. a3 Ba8 27. Kf1
Nd7 28. f4 Nxe5 29. fxe5 Bb7 30. Ke1 Kd7 31. Kd2 Kc6 32. a4 bxa4 33. Kc3 a5 34.
Bd1 Kb5 35. Be2+ Kc6 36. Kb2 Kc7 37. Ka3 Bc6 38. h4 h6 39. Bd1 Bb5 40. Bxa4 Be2
41. Be8 Kd8 42. Ba4 Kc7 43. Bb3 Bb5 44. Bd1 Kd8 45. Ba4 Be2 46. Kb3 Bd1+ 47.
Ka3 Be2
1/2-1/2

[Event "NM for klubblag 2018"]
[Site "Quality Hotel Edvard Grieg, Bergen"]
[Date "2018.05.10"]
[Round "2"]
[White "Howell, David W L"]
[Black "Mansoor, Afras"]
[Result "1-0"]
[WhiteElo "2701"]
[BlackElo "1933"]
[PlyCount "67"]
[EventDate "2018.??.??"]

1. e4 c6 2. Nf3 d5 3. Nc3 Bg4 4. h3 Bxf3 5. Qxf3 e6 6. d3 Nf6 7. Bd2 Be7 8. g4
O-O 9. h4 d4 10. Ne2 Qb6 11. Rb1 c5 12. h5 Nc6 13. g5 Nd7 14. g6 h6 15. Bh3
Nce5 16. Qg2 Bh4 17. O-O fxg6 18. f4 Nf7 19. Qxg6 Rae8 20. Kh1 Nh8 21. Qg4 Bd8
22. Rg1 Rf7 23. e5 Ree7 24. Ng3 Qc6+ 25. Bg2 Qc7 26. c4 Qb8 27. Ne4 Bc7 28. b4
Qd8 29. Nxc5 Nxc5 30. bxc5 g6 31. hxg6 Rg7 32. Be4 Re8 33. Rxb7 Rf8 34. Qxe6+
1-0

[Event "NM for klubblag 2018"]
[Site "Quality Hotel Edvard Grieg, Be"]
[Date "2018.05.10"]
[Round "2"]
[White "Kizatbay, Abyl"]
[Black "LillelÃ¸kken, Kjell Arne"]
[Result "1-0"]
[WhiteElo "2047"]
[BlackElo "2104"]
[PlyCount "85"]
[EventDate "2018.??.??"]

1. e4 e6 2. d4 d5 3. Bd3 dxe4 4. Bxe4 c5 5. Ne2 Nf6 6. Bf3 Nc6 7. Be3 cxd4 8.
Nxd4 Ne5 9. Nc3 Bb4 10. Ndb5 Qa5 11. a3 Qxb5 12. axb4 Qxb4 13. Qd4 Nxf3+ 14.
gxf3 Qxd4 15. Bxd4 Bd7 16. Rg1 Kf8 17. Ne4 Ne8 18. Bxa7 Kg8 19. Ke2 f6 20. c4
Kf7 21. Bc5 Rc8 22. b4 Bc6 23. Ra7 e5 24. Rd1 f5 25. Nd6+ Nxd6 26. Bxd6 Rhe8
27. b5 Bxf3+ 28. Kxf3 Rxc4 29. Rxb7+ Kf6 30. Rb6 Re6 31. Bxe5+ Kxe5 32. Re1+
Re4 33. Rxe6+ Kxe6 34. Rxe4+ fxe4+ 35. Kxe4 Kd6 36. Kf5 Kc5 37. Ke6 Kxb5 38.
Kf7 g5 39. Kg7 Kc4 40. Kxh7 Kd3 41. Kg6 Ke2 42. Kxg5 Kxf2 43. h4 1-0

[Event "NM for klubblag 2018"]
[Site "Quality Hotel Edvard Grieg, Be"]
[Date "2018.05.10"]
[Round "2"]
[White "Steinkellner, Rudolf"]
[Black "Kristoffersen, Arne Skodvin"]
[Result "1/2-1/2"]
[WhiteElo "1661"]
[BlackElo "1776"]
[PlyCount "73"]
[EventDate "2018.??.??"]

1. e4 c5 2. Nc3 e6 3. g3 d5 4. Bg2 d4 5. Nce2 d3 6. cxd3 Qxd3 7. Nf4 Qd8 8. Nf3
Nc6 9. O-O g5 10. Ne2 g4 11. Ne1 Nge7 12. Nc2 e5 13. f4 gxf3 14. Rxf3 Bg4 15.
Rf2 Qd7 16. Qf1 Be6 17. a3 h5 18. Ne3 h4 19. Nf5 hxg3 20. Nexg3 Ng6 21. d3
O-O-O 22. Bg5 Be7 23. Nxe7+ Ncxe7 24. Nf5 Rh5 25. Bf6 Bxf5 26. exf5 Nh4 27. Qe2
Rh7 28. Rc1 Rg8 29. Rxc5+ Nc6 30. b4 Qd4 31. Bxh4 Rxh4 32. Rc4 Qd8 33. Rxh4
Qxh4 34. Qf3 f6 35. b5 Na5 36. Rc2+ Kb8 37. Rf2 1/2-1/2

[Event "NM for klubblag 2018"]
[Site "Quality Hotel Edvard Grieg, Bergen"]
[Date "2018.05.10"]
[Round "2"]
[White "Larsen, Stig Børje"]
[Black "Olsen, Geir"]
[Result "1-0"]
[WhiteElo "1859"]
[BlackElo "1459"]
[PlyCount "51"]
[EventDate "2018.??.??"]

1. e4 d5 2. exd5 Nf6 3. d4 Bg4 4. Bb5+ Nbd7 5. f3 Bf5 6. Nc3 a6 7. Ba4 b5 8.
Bb3 Nb6 9. Nge2 Nbxd5 10. g4 Nxc3 11. Nxc3 Bg6 12. Be3 e6 13. Qe2 Bd6 14. O-O-O
Qe7 15. Rhe1 Nd7 16. f4 O-O-O 17. Qf3 h5 18. f5 Bh7 19. h3 Rhf8 20. a4 b4 21.
Bc4 Nb8 22. Ne4 e5 23. Bg5 f6 24. Be6+ Rd7 25. Bh4 hxg4 26. hxg4
1-0

[Event "NM for klubblag 2018"]
[Site "Quality Hotel Edvard Grieg, Bergen"]
[Date "2018.05.10"]
[Round "2"]
[White "Løvik, Lasse Østebø"]
[Black "Tisdall, Jonathan D"]
[Result "0-1"]
[WhiteElo "2376"]
[BlackElo "2402"]
[PlyCount "176"]
[EventDate "2018.??.??"]

1. d4 e6 2. c4 Nf6 3. g3 d5 4. Nf3 g6 5. Bg2 Bg7 6. O-O O-O 7. Qc2 Nc6 8. Rd1
a5 9. a3 Ne4 10. Nc3 Nxc3 11. Qxc3 a4 12. Bg5 f6 13. Bf4 g5 14. Be3 Na5 15. Nd2
b6 16. cxd5 exd5 17. Rac1 c6 18. Qb4 b5 19. b3 axb3 20. Nxb3 Nc4 21. Nd2 Re8
22. Nxc4 bxc4 23. Qc5 Ra6 24. Qb4 Bf8 25. Qb8 Bf5 26. Qxd8 Rxd8 27. Bd2 Bxa3
28. Ra1 Rda8 29. Bc3 Bd6 30. Rac1 Ra2 31. e4 Be6 32. Re1 Kf7 33. Re3 R8a3 34.
exd5 Bxd5 35. Bf1 Rb3 36. Be1 Ra4 37. Re2 Rd3 38. Rec2 Rxd4 39. Bc3 Re4 40. Bg2
Re7 41. Bxd5+ cxd5 42. Rd1 Ke6 43. Re2+ Kd7 44. Red2 Be5 45. Rxd5+ Kc6 46. Be1
Re6 47. Rd7 Rd6 48. R7xd6+ Bxd6 49. Bc3 Be5 50. Bxe5 fxe5 51. Kf1 Ra2 52. Rd8
Kc5 53. Rd7 h6 54. Ke1 c3 55. Rh7 Kd5 56. Rc7 Kd4 57. Rc6 Kd3 58. Rd6+ Ke4 59.
Rc6 Kd4 60. h4 g4 61. h5 e4 62. Rc8 Ra5 63. Kd1 Rxh5 64. Kc2 Rf5 65. Rd8+ Ke5
66. Re8+ Kd6 67. Kxc3 Rxf2 68. Kd4 Rf3 69. Rh8 e3 70. Rxh6+ Ke7 71. Rh2 Rxg3
72. Re2 Kf6 73. Rxe3 Rg1 74. Kd3 Rf1 75. Ke2 Rf4 76. Re8 Kg5 77. Rh8 g3 78. Ke3
Rf6 79. Rg8+ Kh4 80. Rh8+ Kg4 81. Rg8+ Kh3 82. Rh8+ Kg2 83. Rg8 Kh2 84. Rh8+
Kg1 85. Ke2 g2 86. Rh7 Re6+ 87. Kd2 Re5 88. Rh8 Kf2
0-1

[Event "NM for klubblag 2018"]
[Site "Quality Hotel Edvard Grieg, Bergen"]
[Date "2018.05.10"]
[Round "2"]
[White "Mihajlov, Sebastian"]
[Black "Madland, Kristoffer"]
[Result "0-1"]
[WhiteElo "2392"]
[BlackElo "2130"]
[PlyCount "80"]
[EventDate "2018.??.??"]

1. d4 d5 2. c4 c6 3. Nf3 Nf6 4. e3 e6 5. b3 Nbd7 6. Bb2 b6 7. Nbd2 Bb7 8. Bd3
Bd6 9. O-O O-O 10. Qc2 c5 11. cxd5 exd5 12. Ne5 h6 13. Bc3 Bxe5 14. dxe5 Ng4
15. Qb2 Nxh2 16. Kxh2 Qh4+ 17. Kg1 d4 18. f4 Qg3 19. Nf3 dxc3 20. Qxc3 Rad8 21.
Rad1 Nb8 22. a3 Nc6 23. Qc2 Ne7 24. Be4 Nd5 25. Rde1 Ba8 26. Rf2 Rfe8 27. Rfe2
Nc3 28. Qxc3 Bxe4 29. Nd2 Bxg2 30. Nf1 Bxf1+ 31. Kxf1 h5 32. Rg2 Qf3+ 33. Kg1
Re6 34. Kh2 g6 35. Qc4 Qd5 36. Qe2 Qe4 37. Reg1 Kh7 38. Rg3 Rd3 39. f5 Qxf5 40.
Rf1 Rd2
0-1

[Event "NM for klubblag 2018"]
[Site "Quality Hotel Edvard Grieg, Be"]
[Date "2018.05.10"]
[Round "2"]
[White "Madsen, Morten L"]
[Black "Wister, Finn Arild"]
[Result "1-0"]
[WhiteElo "1822"]
[BlackElo "1477"]
[PlyCount "109"]
[EventDate "2018.??.??"]

1. e4 d6 2. f4 Nf6 3. Nc3 g6 4. Nf3 c6 5. Be2 Bg7 6. O-O b5 7. a3 O-O 8. h3 Bb7
9. d3 a5 10. Be3 Qc7 11. Qd2 Nbd7 12. g4 b4 13. Nd1 c5 14. f5 c4 15. axb4 axb4
16. Rxa8 Rxa8 17. Qxb4 cxd3 18. Bxd3 Ba6 19. Qd2 Bxd3 20. Qxd3 Nc5 21. Bxc5
Qxc5+ 22. Kg2 Nd7 23. b3 Ne5 24. Nxe5 Bxe5 25. Ne3 Ra2 26. Rc1 Bd4 27. Nc4 d5
28. exd5 Qxd5+ 29. Qf3 Qxf3+ 30. Kxf3 Bc5 31. fxg6 hxg6 32. Ke4 e6 33. Kd3 Ra7
34. c3 Rd7+ 35. Ke2 Kg7 36. Rf1 Rd5 37. Rf3 Be7 38. Nd2 Bg5 39. Ne4 Be7 40. Rd3
Ra5 41. b4 Ra2+ 42. Rd2 Ra1 43. Rd1 Ra2+ 44. Nd2 Bf6 45. Kd3 Ra3 46. Ne4 Be5
47. Rc1 Ra2 48. Rc2 Ra1 49. Nf2 Rf1 50. Ke2 Ra1 51. c4 Rb1 52. Nd3 Bd4 53. c5
f5 54. gxf5 exf5 55. c6 1-0

[Event "NM for klubblag 2018"]
[Site "Quality Hotel Edvard Grieg, Bergen"]
[Date "2018.05.10"]
[Round "2"]
[White "Manne, Per Erik"]
[Black "Zachariassen, Bjarne"]
[Result "1-0"]
[WhiteElo "2184"]
[BlackElo "1958"]
[PlyCount "39"]
[EventDate "2018.??.??"]

1. e4 c5 2. Nf3 Nc6 3. d4 cxd4 4. Nxd4 e5 5. Nb5 h6 6. N1c3 Nf6 7. Be3 d6 8.
Nd5 Nxd5 9. exd5 Nb8 10. c4 b6 11. Be2 Be7 12. O-O O-O 13. f4 Nd7 14. Kh1 exf4
15. Bxf4 Nc5 16. b4 Ne4 17. Bf3 a6 18. Nd4 Nf6 19. Nc6 Qd7 20. Qe1
1-0

[Event "NM for klubblag 2018"]
[Site "Quality Hotel Edvard Grieg, Be"]
[Date "2018.05.10"]
[Round "2"]
[White "Marthinussen, Trond E"]
[Black "Melkevik, Egil"]
[Result "0-1"]
[WhiteElo "1710"]
[BlackElo "1738"]
[PlyCount "51"]
[EventDate "2018.??.??"]

1. d4 b6 2. Nf3 Bb7 3. e3 e6 4. g3 Nf6 5. Bg2 d5 6. O-O Nbd7 7. b3 Bb4 8. a3
Bd6 9. Bb2 h5 10. Nbd2 Ne4 11. Nxe4 dxe4 12. Ne5 h4 13. Nxd7 Qxd7 14. c4 Qe7
15. b4 O-O-O 16. Qc2 hxg3 17. fxg3 Qg5 18. Qf2 Qh6 19. Bh1 f5 20. c5 Be7 21.
Rac1 Bg5 22. Rfe1 Rdf8 23. Qe2 Bxe3+ 24. Qxe3 Qxh2+ 25. Kf1 Ba6+ 26. Re2 0-1

[Event "NM for klubblag 2018"]
[Site "Quality Hotel Edvard Grieg, Be"]
[Date "2018.05.10"]
[Round "2"]
[White "Merkesvik, Sondre"]
[Black "Tryggestad, Andreas G"]
[Result "0-1"]
[WhiteElo "2181"]
[BlackElo "2251"]
[PlyCount "78"]
[EventDate "2018.??.??"]

1. Nf3 Nf6 2. g3 g6 3. Bg2 d5 4. O-O Bg7 5. d4 O-O 6. c4 c6 7. b3 Ne4 8. Bb2
Qa5 9. Nbd2 Bf5 10. a3 Nd7 11. b4 Qa6 12. b5 Qb6 13. a4 cxb5 14. cxb5 Rfc8 15.
Qb3 Qa5 16. Nxe4 Bxe4 17. Rfc1 Rxc1+ 18. Rxc1 Nb6 19. Ne5 Bxg2 20. Kxg2 Qxa4
21. Qxa4 Nxa4 22. Ba3 Bxe5 23. dxe5 e6 24. Rc7 a6 25. Rxb7 axb5 26. Bb4 Nb2 27.
Rxb5 Nc4 28. f4 g5 29. Kf3 Kg7 30. e3 Kg6 31. Rb7 h5 32. h3 Ra2 33. Rb8 Rb2 34.
Bd6 Nd2+ 35. Ke2 Ra2 36. Rg8+ Kh7 37. Rf8 Ne4+ 38. Ke1 Kg7 39. Be7 Nxg3 0-1

[Event "NM for klubblag 2018"]
[Site "Quality Hotel Edvard Grieg, Bergen"]
[Date "2018.05.10"]
[Round "2"]
[White "Sit, Louis"]
[Black "Moe-Nilssen, Nils Erik"]
[Result "0-1"]
[WhiteElo "1790"]
[BlackElo "2120"]
[PlyCount "44"]
[EventDate "2018.??.??"]

1. e4 c5 2. Nf3 Nc6 3. Bb5 g6 4. O-O Bg7 5. Bxc6 dxc6 6. h3 e5 7. d3 Qe7 8. a4
Nf6 9. Bg5 h6 10. Be3 g5 11. Nfd2 Be6 12. Nb3 Nd7 13. a5 h5 14. Qd2 Bf6 15. Kh2
g4 16. f4 exf4 17. Rxf4 Bxb2 18. Nc3 Bxa1 19. Nxa1 gxh3 20. g3 Ne5 21. Bxc5
Qxc5 22. d4 Qd6
0-1

[Event "NM for klubblag 2018"]
[Site "Quality Hotel Edvard Grieg, Be"]
[Date "2018.05.10"]
[Round "2"]
[White "SandÃ¸, Ã~yvind Andreas"]
[Black "Omtvedt, Per"]
[Result "0-1"]
[WhiteElo "1597"]
[BlackElo "1883"]
[PlyCount "130"]
[EventDate "2018.??.??"]

1. d4 Nf6 2. c4 e6 3. Nf3 b6 4. g3 Bb7 5. Bg2 Be7 6. O-O O-O 7. Nc3 Ne4 8. Qc2
Nxc3 9. bxc3 f5 10. a4 Be4 11. Qb3 a5 12. Ne5 Bxg2 13. Kxg2 d6 14. Nd3 Qd7 15.
Ba3 Nc6 16. c5 bxc5 17. dxc5 Rab8 18. Qa2 d5 19. Rab1 Bf6 20. Qd2 Ne7 21. Qc2
Qc6 22. Kg1 e5 23. Rfd1 Rfd8 24. c4 Kh8 25. Rb5 dxc4 26. Qxc4 e4 27. Nb2 Rxd1+
28. Nxd1 Ra8 29. Bb2 Bxb2 30. Nxb2 Nd5 31. Qd4 Qe6 32. Nc4 f4 33. Qe5 Qxe5 34.
Nxe5 fxg3 35. hxg3 Nc3 36. Rb7 Nxa4 37. Rxc7 Nc3 38. c6 Nxe2+ 39. Kf1 Nd4 40.
Rd7 Ne6 41. Re7 a4 42. Rxe6 a3 43. c7 a2 44. Ra6 a1=Q+ 45. Rxa1 Rxa1+ 46. Ke2
Rc1 47. Ke3 Rxc7 48. Kxe4 g6 49. Kf3 Kg7 50. Nd3 Ra7 51. Nf4 Ra5 52. Nd3 Kf6
53. Ke2 Kf5 54. f3 h5 55. Nf2 Ra4 56. Nd3 Ra2+ 57. Kf1 g5 58. Nf2 Ra4 59. Ke2
Ra1 60. Ne4 g4 61. Nf2 Ra2+ 62. Ke3 Ra3+ 63. Nd3 gxf3 64. Kd2 Rxd3+ 65. Kxd3
Kg4 0-1

[Event "NM for klubblag 2018"]
[Site "Quality Hotel Edvard Grieg, Bergen"]
[Date "2018.05.10"]
[Round "2"]
[White "Rønnestad, Liam Jansson"]
[Black "Tari, Aryan"]
[Result "0-1"]
[WhiteElo "1579"]
[BlackElo "2603"]
[PlyCount "86"]
[EventDate "2018.??.??"]

1. d4 Nf6 2. c4 g6 3. Nc3 d5 4. e3 Bg7 5. Nf3 O-O 6. Be2 dxc4 7. Bxc4 a6 8. a3
b5 9. Bb3 Bb7 10. O-O c5 11. dxc5 Nbd7 12. Bc2 Qc7 13. h3 Nxc5 14. Qe2 Nd5 15.
Nxd5 Bxd5 16. Rd1 Bc4 17. Qe1 Rfd8 18. Nd4 e5 19. Nf3 Bb3 20. Bxb3 Nxb3 21. Rb1
Qc2 22. Bd2 e4 23. Nd4 Nxd4 24. exd4 Rxd4 25. Bc3 Rxd1 26. Rxd1 Bxc3 27. bxc3
Rc8 28. Rd6 Qa4 29. Qa1 a5 30. Qb2 Qc4 31. Rb6 Qxc3 32. Qxb5 Qc1+ 33. Qf1 e3
34. Rb1 exf2+ 35. Kxf2 Qc5+ 36. Kg3 Qd6+ 37. Kf2 Qxa3 38. Kg1 a4 39. Ra1 Qe3+
40. Kh1 a3 41. Qa6 Rc1+ 42. Rxc1 Qxc1+ 43. Kh2 Qb2
0-1

[Event "NM for klubblag 2018"]
[Site "Quality Hotel Edvard Grieg, Bergen"]
[Date "2018.05.10"]
[Round "2"]
[White "Østenstad, Berge"]
[Black "Urkedal, Frode Olav Olsen"]
[Result "0-1"]
[WhiteElo "2442"]
[BlackElo "2548"]
[PlyCount "66"]
[EventDate "2018.??.??"]

1. d4 Nf6 2. c4 e6 3. Nc3 Bb4 4. Qc2 b6 5. e4 c5 6. dxc5 Bb7 7. Bd3 Bxc5 8. Nf3
Nc6 9. a3 Ng4 10. O-O Qb8 11. Ne2 Nce5 12. Nxe5 Nxe5 13. b4 Be7 14. Bf4 g5 15.
Bg3 h5 16. h3 h4 17. Bh2 Rg8 18. Rab1 Bd6 19. Bxe5 Bxe5 20. Qd2 g4 21. hxg4
Rxg4 22. f4 Bc7 23. Qe3 Ke7 24. Rf2 Qg8 25. f5 f6 26. Rb2 Be5 27. Rd2 Qg7 28.
Nf4 Rg3 29. Rf3 Bxf4 30. Qxf4 e5 31. Qe3 Rg8 32. Qf2 Qg4 33. c5 Rxf3
0-1